000
00315nam a22001337a 4500
008
181016b xxu||||| |||| 00| 0 eng d
020
_a
9780321442550
041
_a
eng
080
_2
4th
_a
510
100
_a
36
101
_a
MAT
245
_a
Integrated Arithmetic and Basic Algebra
_c
Jordan,B.E
942
_2
udc
_c
BK
999
_c
49860
_d
49860